000 00372 a2200121 4500
001 ART_9654
005 20260410161837.0
008 260409a
245 1 0 _aLas diferencias de cambio y la ley 22.491
100 1 _aWainstein, Mario
700 1 _adel Castillo, Daniel
773 0 _tContabilidad y administración
_g- Año 6, Nº 58 (abr. 1982)
_wREV5485
999 _c23774
_d23774